[Event "Open Vitrolles 2017/2018"]
[Site "Vitrolles"]
[Date "2017.09.30"]
[Round "1"]
[White "Estevez, Ange"]
[Black "Maccagno, Gilbert"]
[Result "1/2-1/2"]
[WhiteElo "1467"]
[BlackElo "1395"]
[PlyCount "132"]

1. e4 c5 2. Nf3 d6 3. d4 cxd4 4. Nxd4 a6 5. Nc3 e6 6. Be3 Be7 7. Be2 Nf6 8. O-O
O-O 9. Qd2 Qc7 10. f4 Bd7 11. Bf3 Nc6 12. Nb3 Rac8 13. Ne2 e5 14. f5 Rfd8 15.
c4 b6 16. Nc3 Nb8 17. Nd5 Nxd5 18. cxd5 a5 19. Rac1 Qb7 20. Rxc8 Rxc8 21. Rc1
a4 22. Rxc8+ Bxc8 23. Nc1 Bd7 24. a3 Na6 25. Be2 Nc5 26. Bxc5 bxc5 27. Bc4 Qb6
28. Qc3 Bg5 29. Kf2 h6 30. Nd3 Bd8 31. Kf3 Bb5 32. g4 Bxc4 33. Qxc4 Bf6 34. h3
Kf8 35. Ke2 Ke8 36. Kd1 Kd8 37. Kc2 Kc7 38. b3 axb3+ 39. Qxb3 Qxb3+ 40. Kxb3
Kb6 41. Nb2 Ka6 42. Nc4 Be7 43. Ka4 f6 44. h4 Bf8 45. h5 Be7 46. Kb3 Kb5 47.
a4+ Ka6 48. Na3 Bd8 49. Nb5 Be7 50. Nc7+ Ka5 51. Ne6 c4+ 52. Kxc4 Kxa4 53. Nxg7
Ka5 54. Ne6 Ka4 55. Nc7 Ka5 56. Nb5 Ka4 57. Nc3+ Ka5 58. Nd1 Bd8 59. Nc3 Be7
60. Nb5 Ka4 61. Na7 Ka3 62. Nc6 Bf8 63. Nd8 Ka4 64. Nf7 Ka5 65. Nh8 Be7 66. Ng6
Bd8 1/2-1/2

[Event "Open Vitrolles 2017/2018"]
[Site "Vitrolles"]
[Date "2017.09.30"]
[Round "1"]
[White "Porte, Jacques"]
[Black "Reymond, Jean-Francois"]
[Result "0-1"]
[WhiteElo "1326"]
[BlackElo "1458"]
[PlyCount "122"]

1. d4 d5 2. Nf3 Nc6 3. c4 e6 4. Nc3 Nf6 5. Bf4 a6 6. e3 Be7 7. Bd3 Nh5 8. Qc2
f5 9. Be5 O-O 10. a3 Nf6 11. O-O Na5 12. Nd2 c6 13. b4 Nxc4 14. Nxc4 dxc4 15.
Bxc4 b5 16. Bb3 Ng4 17. Bg3 Bd6 18. Bxd6 Qxd6 19. g3 Kh8 20. Ne2 g5 21. Qc5
Qxc5 22. bxc5 Nf6 23. f3 a5 24. Bc2 Ba6 25. Rfe1 Nd5 26. Kf2 a4 27. Ng1 g4 28.
f4 Rab8 29. Bd3 Nc3 30. e4 fxe4 31. Bxe4 Nxe4+ 32. Rxe4 Rf6 33. Re5 h6 34. h3
b4 35. axb4 Rxb4 36. Rd1 Bc4 37. hxg4 a3 38. Re3 a2 39. Ree1 Rf8 40. Nf3 Rfb8
41. Nd2 Rb2 42. Ke3 R8b4 43. Ra1 Bd5 44. Kd3 Ra4 45. Kc3 Rb8 46. Kc2 Rxd4 47.
Re3 Rb5 48. Nb3 Rdb4 49. Nd2 Rxc5+ 50. Kd1 Rb2 51. Rd3 Rbc2 52. Ra3 R2c3 53.
Ra8+ Kg7 54. Ra7+ Kg6 55. f5+ exf5 56. gxf5+ Kxf5 57. Ra4 Rxg3 58. Nf1 Bb3+ 59.
Kd2 Rg2+ 60. Kd3 Rcc2 61. Nd2 Rgxd2+ 0-1

[Event "Open Vitrolles 2017/2018"]
[Site "Vitrolles"]
[Date "2017.09.30"]
[Round "1"]
[White "Cens, Alain"]
[Black "Blondelon, Claude"]
[Result "1-0"]
[WhiteElo "1431"]
[BlackElo "1276"]
[PlyCount "74"]

1. c4 c5 2. g3 e6 3. Nc3 Nf6 4. Bg2 Nc6 5. e4 b6 6. d3 Rb8 7. Nge2 Be7 8. O-O
O-O 9. f4 d6 10. e5 dxe5 11. Bxc6 Qc7 12. Bg2 Rd8 13. fxe5 Qxe5 14. Nf4 Bb7 15.
Re1 Qd4+ 16. Be3 Qd7 17. Qe2 Bxg2 18. Kxg2 Qc6+ 19. Kg1 Rb7 20. Rad1 Rbd7 21.
Rd2 Qb7 22. Red1 Bd6 23. Qf2 Ng4 24. Qe2 Nf6 25. Qg2 Qc8 26. Ne4 Be5 27. Nxf6+
Bxf6 28. Ne2 Qa6 29. Nc3 Qa5 30. Ne4 Be7 31. b3 Qa6 32. d4 cxd4 33. Rxd4 Rxd4
34. Rxd4 Qc8 35. Rxd8+ Qxd8 36. Qd2 Qf8 37. Bf4 g6 1-0

[Event "Open Vitrolles 2017/2018"]
[Site "Vitrolles"]
[Date "2017.09.30"]
[Round "1"]
[White "Coquet, Bruno"]
[Black "Bregier, Gerard"]
[Result "1-0"]
[WhiteElo "1120"]
[BlackElo "1416"]
[PlyCount "57"]

1. e4 c6 2. d4 d5 3. e5 c5 4. Nf3 Bg4 5. Be3 Nc6 6. c3 cxd4 7. cxd4 e6 8. Be2
Nge7 9. Nh4 Bxe2 10. Qxe2 Qb6 11. Nc3 Nxd4 12. Qd2 Nec6 13. a3 a5 14. O-O Bc5
15. Na4 Qa7 16. Nxc5 Qxc5 17. Qd3 Nxe5 18. Qxd4 Qxd4 19. Bxd4 Nc4 20. Bxg7 Rg8
21. Bd4 Rg4 22. Nf3 Rc8 23. Rac1 Kd7 24. Rxc4 dxc4 25. Ne5+ Kd6 26. Nxg4 f5 27.
Be5+ Kd5 28. Rd1+ Ke4 29. Rd4# 1-0

[Event "Open Vitrolles 2017/2018"]
[Site "Vitrolles"]
[Date "2017.09.30"]
[Round "1"]
[White "Chabaud, Philippe"]
[Black "Pau, Gerard"]
[Result "1-0"]
[WhiteElo "1413"]
[BlackElo "1109"]
[PlyCount "39"]

1. d4 d5 2. Bf4 Nf6 3. e3 e6 4. Nf3 Bb4+ 5. c3 Ba5 6. Bd3 Nc6 7. h3 a6 8. Nbd2
b5 9. a3 Bb7 10. Qc2 O-O 11. g4 h6 12. g5 hxg5 13. Bxg5 g6 14. e4 Qe7 15. e5
Qe8 16. Bxf6 Ne7 17. h4 Rc8 18. Nb3 Bb6 19. Qd2 c5 20. Qh6 1-0

[Event "Open Vitrolles 2017/2018"]
[Site "Vitrolles"]
[Date "2017.09.30"]
[Round "1"]
[White "Misene, Milan"]
[Black "Benoit-Lizon, Alain"]
[Result "0-1"]
[WhiteElo "1358"]
[BlackElo "1381"]
[PlyCount "66"]

1. d4 Nf6 2. c4 e6 3. g3 c5 4. Nf3 Nc6 5. Bg2 d5 6. cxd5 Nxd5 7. O-O Qb6 8. e3
Bd7 9. Nc3 Be7 10. Nxd5 exd5 11. dxc5 Qxc5 12. b3 Bf6 13. Rb1 Bf5 14. Bb2 Bxb1
15. Qxb1 Bxb2 16. Qxb2 O-O 17. Rc1 Qd6 18. Nd4 Nxd4 19. Qxd4 Qa3 20. Rc2 Rac8
21. Qd2 Rxc2 22. Qxc2 Qd6 23. Qd2 Rd8 24. Kf1 b6 25. Ke2 d4 26. exd4 Qxd4 27.
Qc2 Qe5+ 28. Kf1 Qa1+ 29. Ke2 Qg1 30. Be4 Qxh2 31. Qc7 Qh5+ 32. Kf1 Rd1+ 33.
Kg2 Qh1# 0-1

[Event "Open Vitrolles 2017/2018"]
[Site "Vitrolles"]
[Date "2017.10.14"]
[Round "2"]
[White "Chabaud, Philippe"]
[Black "Jullien, Patrick"]
[Result "1/2-1/2"]
[WhiteElo "1413"]
[BlackElo "1572"]
[PlyCount "75"]

1. d4 Nf6 2. Bf4 d5 3. e3 e6 4. Nf3 Bd6 5. Ne5 Nbd7 6. Nd2 O-O 7. Bd3 Qe7 8. h3
c5 9. c3 Bxe5 10. dxe5 Ne8 11. Nf3 f6 12. Qb1 g6 13. h4 Ng7 14. exf6 Nxf6 15.
Bg5 e5 16. e4 d4 17. Bc4+ Kh8 18. O-O Qc7 19. cxd4 cxd4 20. b3 Be6 21. Nd2 Bxc4
22. Nxc4 b5 23. Nd2 Ne6 24. Qc1 Qb7 25. Bh6 Rfc8 26. Qe1 Ng4 27. Bg5 Nxg5 28.
hxg5 Rc2 29. Qd1 Rac8 30. Qxg4 Rxd2 31. Rac1 Rdc2 32. Rxc2 Rxc2 33. Qe6 Qc7 34.
Qf6+ Kg8 35. Qe6+ Kf8 36. Qf6+ Kg8 37. Qe6+ Kh8 38. Qf6+ 1/2-1/2

[Event "Open Vitrolles 2017/2018"]
[Site "Vitrolles"]
[Date "2017.10.14"]
[Round "2"]
[White "Reymond, Jean-Francois"]
[Black "Coquet, Bruno"]
[Result "1-0"]
[WhiteElo "1458"]
[BlackElo "1120"]
[PlyCount "63"]

1. e4 e5 2. f4 exf4 3. Nf3 g5 4. Bc4 g4 5. O-O gxf3 6. Qxf3 Bc5+ 7. d4 Bxd4+ 8.
Kh1 Nf6 9. c3 Be5 10. Bxf4 Nc6 11. Nd2 d6 12. Bg5 Bg4 13. Qf2 Qe7 14. Qh4 h5
15. Bxf6 Bxf6 16. Rxf6 Ne5 17. Qf2 Bf3 18. Qh4 Nxc4 19. Nxc4 Bxe4 20. Re1 d5
21. Ne3 O-O-O 22. Qf4 Bg6 23. h4 Rhg8 24. Nc2 Be4 25. Ne3 d4 26. cxd4 Rxd4 27.
Kh2 Rd2 28. Rg1 Rxb2 29. Kh3 Rg7 30. g4 Qb4 31. Qe5 Re2 32. Qe8# 1-0

[Event "Open Vitrolles 2017/2018"]
[Site "Vitrolles"]
[Date "2017.10.14"]
[Round "2"]
[White "Benoit-Lizon, Alain"]
[Black "Cens, Alain"]
[Result "0-1"]
[WhiteElo "1381"]
[BlackElo "1431"]
[PlyCount "132"]

1. e4 c5 2. d4 cxd4 3. c3 dxc3 4. Nxc3 Nc6 5. Nf3 e6 6. Bc4 Bb4 7. O-O Nge7 8.
Qe2 O-O 9. Rd1 Ng6 10. Be3 a6 11. Rac1 b5 12. Bb3 Na5 13. Bc2 Nc4 14. Rd4 Nxe3
15. Qxe3 Bc5 16. e5 Bb7 17. Ne4 Bxe4 18. Bxe4 Bxd4 19. Qxd4 Rc8 20. Rd1 Rc4 21.
Qe3 Qc7 22. g3 Rd8 23. Bd3 Rc5 24. Re1 d5 25. exd6 Qxd6 26. Ng5 Rxg5 27. Qxg5
Qxd3 28. Re3 Qd1+ 29. Kg2 Qd5+ 30. Qxd5 Rxd5 31. Rc3 Rd2 32. Rc8+ Nf8 33. Ra8
Rxb2 34. Rxa6 f6 35. a4 bxa4 36. Rxa4 Nd7 37. Ra8+ Kf7 38. Ra7 Ke7 39. h4 h5
40. Kf3 Kd6 41. Ke3 g6 42. Ra6+ Rb6 43. Ra5 Ne5 44. Ra4 Ng4+ 45. Kf3 f5 46. Ra2
e5 47. Kg2 e4 48. f3 exf3+ 49. Kxf3 Ke5 50. Ra5+ Kf6 51. Ra4 Re6 52. Kf4 Re4+
53. Rxe4 fxe4 54. Kxe4 g5 55. hxg5+ Kxg5 56. Kf3 Ne5+ 57. Kf2 Kg4 58. Kg2 Nc6
59. Kf2 Ne7 60. Kg2 Nf5 61. Kf2 Kh3 62. Kg1 Nxg3 63. Kf2 Kh2 64. Kf3 h4 65. Kg4
h3 66. Kf3 Kg1 0-1

[Event "Open Vitrolles 2017/2018"]
[Site "Vitrolles"]
[Date "2017.10.14"]
[Round "2"]
[White "Bregier, Gerard"]
[Black "Estevez, Ange"]
[Result "0-1"]
[WhiteElo "1416"]
[BlackElo "1467"]
[PlyCount "56"]

1. d4 d5 2. Bf4 e6 3. Nf3 Bd6 4. Bg3 Bxg3 5. hxg3 Nc6 6. e3 Nf6 7. Nbd2 Bd7 8.
Bd3 Qe7 9. Ne5 g6 10. f3 Nxe5 11. dxe5 Ng8 12. f4 c5 13. c4 h5 14. g4 h4 15. g5
Bc6 16. cxd5 Bxd5 17. Be4 Rd8 18. Qg4 Qc7 19. Rxh4 Rxh4 20. Qxh4 Qa5 21. Ke2
Qb5+ 22. Kf3 Qxb2 23. Qf2 Qxa1 24. Bxd5 exd5 25. Nb3 Qd1+ 26. Kg3 Ne7 27. Qf3
Nf5+ 28. Kf2 Qxf3+ 0-1

[Event "Open Vitrolles 2017/2018"]
[Site "Vitrolles"]
[Date "2017.10.14"]
[Round "2"]
[White "Maccagno, Gilbert"]
[Black "Misene, Milan"]
[Result "0-1"]
[WhiteElo "1395"]
[BlackElo "1358"]
[PlyCount "89"]

1. e4 c5 2. Nf3 Nc6 3. d3 g6 4. g3 Bg7 5. Bg2 d6 6. O-O Bg4 7. c3 Nf6 8. Nbd2
O-O 9. Nc4 Qd7 10. Ne3 Bh3 11. Re1 Bxg2 12. Kxg2 Rfe8 13. h3 a5 14. a4 b6 15.
Qb3 Qc7 16. Ng5 e6 17. Qd1 h6 18. Nf3 Rad8 19. Qc2 d5 20. exd5 Nxd5 21. Nxd5
exd5 22. Bf4 Qd7 23. Rad1 g5 24. Bc1 d4 25. Bd2 Ne5 26. Nxe5 Bxe5 27. c4 Qc6+
28. Kh2 Bd6 29. f4 gxf4 30. Bxf4 Bxf4 31. gxf4 Qf3 32. Qg2+ Qxg2+ 33. Kxg2 Kg7
34. Kf3 Kg6 35. Re5 Rxe5 36. fxe5 Kf5 37. Re1 Re8 38. Re4 Rxe5 39. Rf4+ Ke6 40.
Re4 Rxe4 41. Kxe4 f6 42. Kf4 f5 43. h4 Kf6 44. Kf3 Ke5 45. b3 0-1

[Event "Open Vitrolles 2017/2018"]
[Site "Vitrolles"]
[Date "2017.10.14"]
[Round "2"]
[White "Mars, Florence"]
[Black "Porte, Jacques"]
[Result "0-1"]
[WhiteElo "1112"]
[BlackElo "1326"]
[PlyCount "62"]

1. e4 c5 2. c4 e6 3. Nf3 d6 4. d4 cxd4 5. Nxd4 Nf6 6. Nc3 e5 7. Nf3 Be6 8. Be2
Be7 9. h3 h6 10. O-O a6 11. Be3 O-O 12. Qc2 Qc7 13. Nd5 Nxd5 14. exd5 Bxd5 15.
Rac1 Rc8 16. Rfd1 Be6 17. Qd3 Nd7 18. b3 Nf6 19. Qb1 Rd8 20. Rd2 Rac8 21. Rdd1
Qb8 22. Bb6 Rd7 23. g4 Rc6 24. Be3 g5 25. Kh1 d5 26. Rg1 d4 27. Bd2 e4 28. Nxg5
hxg5 29. Bxg5 d3 30. Bxf6 Bxf6 31. Bd1 Qf4 0-1

[Event "Open Vitrolles 2017/2018"]
[Site "Vitrolles"]
[Date "2017.10.14"]
[Round "2"]
[White "Blondelon, Claude"]
[Black "Pau, Gérard"]
[Result "0-1"]
[WhiteElo "1276"]
[BlackElo "1109"]
[PlyCount "76"]

1. d4 d5 2. c4 e6 3. Nc3 Nf6 4. Nf3 Nc6 5. e3 Bd6 6. cxd5 exd5 7. Be2 Bf5 8.
O-O Ne4 9. a3 Nxc3 10. bxc3 Be4 11. Bd3 Qe7 12. Ne1 Qh4 13. f4 Ne7 14. Nf3 Qh6
15. Bxe4 dxe4 16. Ne5 O-O 17. Qb3 b6 18. Nd7 Rfe8 19. Ne5 Qe6 20. Qxe6 fxe6 21.
Nc4 Nf5 22. Nd2 Nxe3 23. Re1 Nc2 24. Rxe4 Nxa1 25. Nf3 Nb3 26. Bb2 Rf8 27. g3
c5 28. Rxe6 Rf6 29. Re2 Raf8 30. Kg2 Rg6 31. Ne5 Bxe5 32. fxe5 Re8 33. d5 Rg5
34. c4 Nd4 35. Re4 Rgxe5 36. Rf4 Re2+ 37. Rf2 Rxf2+ 38. Kxf2 Re2+ 0-1

[Event "Open Vitrolles 2017/2018"]
[Site "Vitrolles"]
[Date "2017.11.25"]
[Round "3.1"]
[White "Cens, Alain"]
[Black "Reymond, Jean-Francois"]
[Result "0-1"]
[WhiteElo "1431"]
[BlackElo "1458"]
[PlyCount "88"]

1. c4 c5 2. Nc3 Nf6 3. g3 e6 4. Bg2 Nc6 5. d3 Be7 6. e4 O-O 7. Nge2 a6 8. O-O
e5 9. f4 d6 10. h3 h6 11. f5 Rb8 12. Bf3 b5 13. h4 bxc4 14. dxc4 h5 15. Kh2
Ng4+ 16. Bxg4 hxg4 17. Ng1 g6 18. Qxg4 Kh7 19. Nh3 Nd4 20. Ng5+ Kg7 21. Nxf7
Rxf7 22. Qxg6+ Kf8 23. Bh6+ Ke8 24. Qg8+ Bf8 25. Bg5 Qb6 26. b3 Rbb7 27. Bh6
Nc6 28. Bxf8 Rxf8 29. Qg6+ Rff7 30. Qg8+ Rf8 31. Nd5 Rxg8 32. Nxb6 Rxb6 33. Kh3
Nd4 34. g4 Ne2 35. g5 Bb7 36. Rfe1 Nc3 37. Kg4 Nxe4 38. g6 Nf6+ 39. Kg5 Ke7 40.
h5 Bf3 41. h6 Nh7+ 42. Kh4 Rh8 43. Rg1 Kf6 44. Rae1 Kxf5 0-1

[Event "Open Vitrolles 2017/2018"]
[Site "Vitrolles"]
[Date "2017.11.25"]
[Round "3.2"]
[White "Estevez, Ange"]
[Black "Chabaud, Philippe"]
[Result "1/2-1/2"]
[WhiteElo "1467"]
[BlackElo "1413"]
[PlyCount "58"]

1. e4 e6 2. d4 d5 3. Nc3 c5 4. exd5 exd5 5. dxc5 Be6 6. Bb5+ Nc6 7. Bxc6+ bxc6
8. Be3 Nf6 9. Nf3 Bg4 10. O-O Be7 11. Bd4 O-O 12. Re1 Re8 13. Qd3 Bxf3 14. Qxf3
Nd7 15. b4 Bf6 16. Bxf6 Nxf6 17. h3 a6 18. Re2 Rxe2 19. Qxe2 Qd7 20. Re1 Re8
21. Qd2 Rxe1+ 22. Qxe1 Qe6 23. Qxe6 fxe6 24. f3 Kf7 25. Ne2 e5 26. Kf2 g5 27.
c3 Ke6 28. g4 h5 29. a4 h4 1/2-1/2

[Event "Open Vitrolles 2017/2018"]
[Site "Vitrolles"]
[Date "2017.11.25"]
[Round "3.3"]
[White "Jullien, Patrick"]
[Black "Benoit-Lizon, Alain"]
[Result "1-0"]
[WhiteElo "1572"]
[BlackElo "1381"]
[PlyCount "41"]

1. e4 Nc6 2. Nf3 f5 3. e5 d6 4. Bb5 dxe5 5. Nxe5 Qd5 6. Bxc6+ bxc6 7. Nf3 e5 8.
O-O Bd6 9. Nc3 Qa5 10. d3 Ne7 11. Bd2 Qb6 12. Re1 Ng6 13. Rb1 O-O 14. Ng5 h6
15. Nf3 Bd7 16. h4 Qb4 17. h5 Nf4 18. Nxe5 Bxe5 19. Rxe5 Be8 20. Ne2 Bxh5 21.
Bxb4 1-0

[Event "Open Vitrolles 2017/2018"]
[Site "Vitrolles"]
[Date "2017.11.25"]
[Round "3.4"]
[White "Misene, Milan"]
[Black "Coquet, Bruno"]
[Result "0-1"]
[WhiteElo "1358"]
[BlackElo "1120"]
[PlyCount "140"]

1. d4 d5 2. c4 e5 3. dxe5 d4 4. a3 Nc6 5. Nf3 f6 6. exf6 Nxf6 7. g3 Bf5 8. Nbd2
h6 9. Bg2 Qd7 10. Qb3 Na5 11. Qd1 Bd6 12. Nxd4 a6 13. Nxf5 Qxf5 14. b4 Nc6 15.
Bb2 O-O 16. O-O Rad8 17. Qb3 Kh8 18. e4 Qe6 19. c5 Qxb3 20. Nxb3 Be5 21. Bxe5
Nxe5 22. Rad1 Nd3 23. h3 b6 24. cxb6 cxb6 25. Nc1 Nxc1 26. Rxd8 Ne2+ 27. Kh1
Rxd8 28. e5 Ng8 29. Re1 Nd4 30. Rd1 Ne7 31. Be4 Ndc6 32. Rxd8+ Nxd8 33. f4 Kg8
34. Kg2 Kf7 35. f5 Ndc6 36. e6+ Kf6 37. Kf3 Nxf5 38. Bxc6 Nd4+ 39. Ke4 Nxc6 40.
Kd5 Ne7+ 41. Kd6 Nf5+ 42. Kd7 g5 43. g4 Ne7 44. a4 Ng6 45. b5 axb5 46. axb5
Nf8+ 47. Kc6 Kxe6 48. Kxb6 Nd7+ 49. Kc7 Nf6 50. b6 Nd5+ 51. Kc6 Nxb6 52. Kxb6
Ke5 53. Kc5 Kf4 54. Kd4 Kg3 55. Ke3 Kxh3 56. Kf2 Kxg4 57. Kg2 h5 58. Kh2 h4 59.
Kg2 h3+ 60. Kh2 Kh4 61. Kg1 Kg3 62. Kh1 g4 63. Kg1 Kh4 64. Kh2 g3+ 65. Kg1 h2+
66. Kg2 Kg4 67. Kh1 Kf4 68. Kg2 h1=Q+ 69. Kxh1 Kf3 70. Kg1 g2 0-1

[Event "Open Vitrolles 2017/2018"]
[Site "Vitrolles"]
[Date "2017.11.25"]
[Round "3.5"]
[White "Pau, Gerard"]
[Black "Porte, Jacques"]
[Result "0-1"]
[WhiteElo "1109"]
[BlackElo "1326"]
[PlyCount "77"]

1. e4 c5 2. Nc3 d6 3. Bb5+ Nc6 4. d3 Bd7 5. Nf3 Nf6 6. Bf4 e5 7. Bg3 Be7 8. Qe2
O-O 9. Bc4 Bg4 10. Nd5 Nxd5 11. Bxd5 Nd4 12. Qd2 Nxf3+ 13. gxf3 Bxf3 14. O-O
Bg5 15. Qc3 Qd7 16. d4 Be2 17. Rfe1 exd4 18. Qb3 Bb5 19. a4 Bc6 20. a5 Rab8 21.
e5 dxe5 22. Bxc6 bxc6 23. Qa2 Bf4 24. c4 Bxg3 25. hxg3 Qf5 26. b3 h5 27. Rf1
Rfe8 28. Qa3 e4 29. Rae1 h4 30. b4 cxb4 31. Qb3 Qxa5 32. f3 Qa3 33. Qd1 hxg3
34. Re2 d3 35. Rg2 e3 36. Qe1 e2 37. Qxg3 exf1=Q+ 38. Kxf1 Qa1+ 39. Kf2 0-1

[Event "Open Vitrolles 2017/2018"]
[Site "Vitrolles"]
[Date "2017.11.25"]
[Round "3.6"]
[White "Blondelon, Claude"]
[Black "Maccagno, Gilbert"]
[Result "1/2-1/2"]
[WhiteElo "1276"]
[BlackElo "1395"]
[PlyCount "74"]

1. d4 Nf6 2. c4 d6 3. Nf3 g6 4. Nc3 Bg7 5. e4 O-O 6. Be2 Nbd7 7. O-O e5 8. dxe5
dxe5 9. Qc2 c6 10. Bd2 Qc7 11. Qc1 Nc5 12. Qc2 b6 13. Ne1 Ne6 14. Nf3 Ba6 15.
Rad1 Rad8 16. b3 Bc8 17. h3 Rd7 18. Be3 Rfd8 19. Rxd7 Rxd7 20. Rd1 Rxd1+ 21.
Qxd1 Ne8 22. Bd3 Qd7 23. Ne2 c5 24. Bc2 Qxd1+ 25. Bxd1 Nd4 26. Nc3 Nc7 27. Bg5
f6 28. Bd2 Bd7 29. Ne1 Kf7 30. Nc2 Ke8 31. Kf1 f5 32. Ne3 f4 33. Ned5 Nxd5 34.
Nxd5 Kd8 35. f3 Ne6 36. Be1 h6 37. Bc3 Nd4 1/2-1/2

[Event "Open Vitrolles 2017/2018"]
[Site "Vitrolles"]
[Date "2017.11.25"]
[Round "3.7"]
[White "Mars, Florence"]
[Black "Bregier, Gerard"]
[Result "0-1"]
[WhiteElo "1112"]
[BlackElo "1416"]
[PlyCount "68"]

1. e4 c6 2. d4 d5 3. exd5 cxd5 4. Bd3 Nc6 5. c3 Nf6 6. Bf4 Bg4 7. Qb3 Qd7 8.
Nd2 e6 9. Ngf3 Be7 10. O-O O-O 11. Rfe1 Nh5 12. Ne5 Nxe5 13. Bxe5 Bg5 14. Qc2
Nf6 15. Bxf6 Bxf6 16. Bxh7+ Kh8 17. Bd3 Rac8 18. Nb3 b6 19. Qd2 Qd6 20. h3 Bh5
21. Rac1 Bg6 22. Bxg6 fxg6 23. Qd3 Kh7 24. Rc2 e5 25. Qg3 Rce8 26. Rce2 Qe7 27.
dxe5 Bh4 28. Qe3 Rf7 29. Nd4 Bg5 30. Qd3 Ref8 31. Nf3 Rxf3 32. gxf3 Bf4 33.
Qxd5 Qh4 34. e6 Qxh3 0-1

[Event "Open Vitrolles 2017/2018"]
[Site "Vitrolles"]
[Date "2017.12.04"]
[Round "4.1"]
[White "Reymond, Jean-Francois"]
[Black "Jullien, Patrick"]
[Result "1/2-1/2"]
[WhiteElo "1458"]
[BlackElo "1562"]
[PlyCount "73"]

1. e4 e5 2. Nf3 Nc6 3. Bc4 Bc5 4. d3 Nf6 5. Bg5 h6 6. Bh4 a6 7. a3 d6 8. Nbd2
Ba7 9. O-O Be6 10. c3 Qe7 11. Bxe6 Qxe6 12. Qe2 O-O-O 13. Nc4 g5 14. Bg3 Qg4
15. Ne3 Qe6 16. Nf5 Nh5 17. d4 Nxg3 18. Nxg3 exd4 19. cxd4 Nxd4 20. Nxd4 Bxd4
21. Rac1 Bb6 22. Rfd1 Rde8 23. Kf1 Rhf8 24. Nf5 Rd8 25. b4 Kb8 26. a4 a5 27.
bxa5 Bxa5 28. Qb5 Bb6 29. f3 Qa2 30. Qe2 Qxa4 31. Ra1 Qb4 32. Qa2 Qb5+ 33. Ke1
Qb4+ 34. Rd2 c6 35. Rb1 Qc5 36. Kd1 Qg1+ 37. Kc2 1/2-1/2

[Event "Open Vitrolles 2017/2018"]
[Site "Vitrolles"]
[Date "2017.12.04"]
[Round "4.2"]
[White "Porte, Jacques"]
[Black "Estevez, Ange"]
[Result "1/2-1/2"]
[WhiteElo "1326"]
[BlackElo "1467"]
[PlyCount "84"]

1. d4 d5 2. c4 c6 3. Nc3 e5 4. cxd5 cxd5 5. dxe5 d4 6. Nb1 Bb4+ 7. Bd2 Qa5 8.
Bxb4 Qxb4+ 9. Qd2 Nc6 10. Qxb4 Nxb4 11. Na3 Bf5 12. Nf3 Rd8 13. Rd1 d3 14. exd3
Bxd3 15. Be2 Ne7 16. Rd2 O-O 17. O-O Bxe2 18. Rxe2 Rd5 19. Nc4 Nf5 20. Rd2 Rfd8
21. a3 Rxd2 22. Ncxd2 Nc6 23. Re1 Nfd4 24. Kf1 Ne6 25. g3 Kf8 26. h4 h6 27. Nb3
Rd3 28. Re3 Rd5 29. Ke2 Ke7 30. Rd3 Rb5 31. Ke3 Nxe5 32. Nxe5 Rxe5+ 33. Kd2 b6
34. f4 Re4 35. Re3 Rxe3 36. Kxe3 f5 37. a4 Kd6 38. Nd4 Nxd4 39. Kxd4 h5 40. b3
a6 41. b4 g6 42. Kc4 Kc6 1/2-1/2

[Event "Open Vitrolles 2017/2018"]
[Site "Vitrolles"]
[Date "2017.12.04"]
[Round "4.3"]
[White "Coquet, Bruno"]
[Black "Cens, Alain"]
[Result "0-1"]
[WhiteElo "1120"]
[BlackElo "1405"]
[PlyCount "60"]

1. e4 c5 2. Nf3 d6 3. d4 cxd4 4. Nxd4 Nf6 5. Nc3 g6 6. f3 Bg7 7. Be3 O-O 8. Qd2
Nc6 9. Nxc6 bxc6 10. g4 Be6 11. O-O-O Qa5 12. Kb1 Rfb8 13. b3 Nd7 14. Bd4 Ne5
15. Be2 c5 16. Nb5 Rxb5 17. Bxb5 Qxd2 18. Rxd2 Nxf3 19. Be3 Nxd2+ 20. Bxd2 Bxg4
21. Bc4 a5 22. Rf1 Be6 23. Bb5 Rb8 24. a4 c4 25. Bxa5 cxb3 26. c3 d5 27. Bb4
dxe4 28. Kb2 Rb7 29. Re1 f5 30. Bc6 Rxb4 0-1

[Event "Open Vitrolles 2017/2018"]
[Site "Vitrolles"]
[Date "2017.12.04"]
[Round "4.4"]
[White "Benoit-Lizon, Alain"]
[Black "Chabaud, Philippe"]
[Result "1-0"]
[WhiteElo "1381"]
[BlackElo "1413"]
[PlyCount "61"]

1. e4 c5 2. d4 cxd4 3. c3 dxc3 4. Nxc3 Nc6 5. Nf3 d6 6. Bc4 e6 7. O-O Be7 8.
Qe2 a6 9. Rd1 Qc7 10. Bf4 b5 11. Bxb5 Bd7 12. Bxa6 Nf6 13. Nb5 Qb6 14. Bxd6
Bxd6 15. Nxd6+ Ke7 16. Bc4 h6 17. e5 Ne8 18. Rd2 Rf8 19. Rad1 Rd8 20. Qe4 f6
21. Nxe8 Bxe8 22. Rxd8 Nxd8 23. exf6+ Rxf6 24. b3 Bc6 25. Qg4 Bxf3 26. gxf3 g5
27. Qe4 Nf7 28. Kg2 Rf4 29. Qe3 Qc7 30. Qxe6+ Kf8 31. Rd7 1-0

[Event "Open Vitrolles 2017/2018"]
[Site "Vitrolles"]
[Date "2017.12.04"]
[Round "4.5"]
[White "Pau, Gerard"]
[Black "Misene, Milan"]
[Result "0-1"]
[WhiteElo "1109"]
[BlackElo "1358"]
[PlyCount "68"]

1. e4 e5 2. Nf3 Nc6 3. Bc4 Nf6 4. d3 Bc5 5. O-O d6 6. h3 h6 7. c3 a6 8. Re1 b5
9. Bb3 O-O 10. Nbd2 Bb7 11. Nf1 b4 12. Be3 Bxe3 13. Nxe3 bxc3 14. bxc3 Ne7 15.
Nh4 Bc8 16. Qf3 Be6 17. Nef5 Nxf5 18. exf5 Bxb3 19. axb3 Qe8 20. d4 Qb5 21.
dxe5 dxe5 22. Qg3 Rfe8 23. b4 Rad8 24. Nf3 Rd3 25. Ra5 Qd7 26. Raxe5 Rxc3 27.
Rxe8+ Nxe8 28. Rxe8+ Qxe8 29. f6 g6 30. Qg4 Qb8 31. Ne5 c5 32. bxc5 Qxe5 33.
Qc8+ Kh7 34. Qf8 Rc1# 0-1

[Event "Open Vitrolles 2017/2018"]
[Site "Vitrolles"]
[Date "2017.12.04"]
[Round "4.6"]
[White "Bregier, Gerard"]
[Black "Blondelon, Claude"]
[Result "1-0"]
[WhiteElo "1416"]
[BlackElo "1276"]
[PlyCount "59"]

1. d4 d5 2. Bf4 e6 3. e3 Nf6 4. Nf3 c6 5. c4 Be7 6. Nc3 O-O 7. Ne5 Nbd7 8. Bd3
dxc4 9. Nxc4 Nd5 10. Bd6 N7f6 11. Bxe7 Qxe7 12. Ne5 Bd7 13. Rc1 Rac8 14. a3 b5
15. b4 Ne8 16. Qh5 f5 17. O-O Nef6 18. Qh3 Qe8 19. Rfe1 a6 20. Nb1 Ne4 21. f3
Ng5 22. Qh4 Nf7 23. Ng4 Qd8 24. Qh5 Nf6 25. Nxf6+ Qxf6 26. Nd2 Nd6 27. Nb3 Nb7
28. e4 fxe4 29. Bxe4 Qf7 30. Qxh7# 1-0

[Event "Open Vitrolles 2017/2018"]
[Site "Vitrolles"]
[Date "2017.12.04"]
[Round "4.7"]
[White "Maccagno, Gilbert"]
[Black "Mars, Florence"]
[Result "0-1"]
[WhiteElo "1395"]
[BlackElo "1112"]
[PlyCount "106"]

1. e4 c5 2. c3 Nc6 3. Bd3 e5 4. Nf3 d5 5. Qe2 Nf6 6. Bc2 Bg4 7. d3 d4 8. O-O
Be7 9. Rd1 O-O 10. Nbd2 b5 11. Nf1 h6 12. h3 Be6 13. Ng3 Nh7 14. Nf5 Bxf5 15.
exf5 Bf6 16. a3 Re8 17. Qe4 Qd6 18. Bd2 Rad8 19. Re1 Qd5 20. Re2 Qxe4 21. Rxe4
Ng5 22. Nxg5 Bxg5 23. Bxg5 hxg5 24. Rae1 f6 25. h4 gxh4 26. Rxh4 c4 27. Rd1 Ne7
28. g4 Nd5 29. cxd4 exd4 30. g5 Re2 31. Rc1 c3 32. bxc3 Nxc3 33. Bb3+ Kf8 34.
Rh8+ Ke7 35. gxf6+ gxf6 36. Rh7+ Kf8 37. Rf7+ Ke8 38. Rxf6 Rb2 39. Re6+ Kf8 40.
Bd1 Re8 41. Rxe8+ Kxe8 42. Kf1 Kf7 43. Bf3 Kf6 44. Be4 Rb1 45. Rxb1 Nxb1 46. a4
b4 47. Ke1 a5 48. Kd1 Nc3+ 49. Kc2 Nxa4 50. f3 Nc5 51. Bd5 Kxf5 52. Bc4 Kf4 53.
Bd5 a4 0-1

[Event "Open Vitrolles 2017/2018"]
[Site "Vitrolles"]
[Date "2018.01.20"]
[Round "5.1"]
[White "Estevez, Ange"]
[Black "Reymond, Jean-Francois"]
[Result "0-1"]
[WhiteElo "1456"]
[BlackElo "1459"]
[PlyCount "76"]

1. e4 e5 2. Nf3 Nc6 3. Bc4 Bc5 4. c3 Nf6 5. d4 exd4 6. cxd4 Bb4+ 7. Bd2 Nxe4 8.
Bxb4 Nxb4 9. Bxf7+ Kxf7 10. Qb3+ d5 11. Qxb4 Re8 12. O-O a5 13. Qb3 c6 14. Nc3
Kf8 15. Rfe1 b5 16. Nxe4 Rxe4 17. Rxe4 dxe4 18. Ne5 Qc7 19. Qg3 Qd6 20. Qf4+
Qf6 21. Qxe4 Ra6 22. Rc1 Bf5 23. Qf3 Qg5 24. Qc3 Be4 25. f3 Bd5 26. Nd7+ Kg8
27. Re1 Qd8 28. Nc5 Ra7 29. b3 a4 30. bxa4 Bxa2 31. axb5 cxb5 32. Qe3 Bf7 33.
Qe5 b4 34. Rb1 Re7 35. Qf4 Qb6 36. Kf2 h6 37. h4 Bd5 38. Kg3 Qg6+ 0-1

[Event "Open Vitrolles 2017/2018"]
[Site "Vitrolles"]
[Date "2018.01.20"]
[Round "5.2"]
[White "Jullien, Patrick"]
[Black "Cens, Alain"]
[Result "1/2-1/2"]
[WhiteElo "1558"]
[BlackElo "1413"]
[PlyCount "51"]

1. e4 c5 2. Nc3 Nc6 3. g3 g6 4. Bg2 Bg7 5. Nge2 d6 6. d3 e6 7. Be3 Nge7 8. Qd2
Nd4 9. Nd1 Nxe2 10. Qxe2 Rb8 11. Qd2 O-O 12. Bh6 b5 13. Bxg7 Kxg7 14. Ne3 Qc7
15. Ng4 f5 16. exf5 Nxf5 17. O-O Bb7 18. Bxb7 Qxb7 19. c3 Qf3 20. Ne3 h5 21. h4
Rb7 22. Nxf5+ Rxf5 23. Qe3 Qxe3 24. fxe3 Rbf7 25. Rxf5 Rxf5 26. Rf1 1/2-1/2